000 00590cam a2200145 4500500
005 20260208010541.0
041 _afre
042 _adc
100 1 0 _aAdam, Michel
_eauthor
245 0 0 _aShihâboddîn Yakya Sohravardî, Le livre de la sagesse orientale, Paris, Gallimard, 2003, coll. « Folio-Essais », 704 p., 9,20 E.
260 _c2005.
500 _a43
786 0 _nRevue philosophique de la France et de l'étranger | 130 | 1 | 2005-03-01 | p. 77zw-130zw | 0035-3833
856 4 1 _uhttps://shs.cairn.info/revue-philosophique-2005-1-page-77zw?lang=fr&redirect-ssocas=7080
999 _c1657088
_d1657088